000 00364pam a2200157a 44500
008 230515b2006 xxu||||| |||| 00| 0 eng d
020 _a0
041 _aENGLISH
082 _a618.1 PAD
100 _aPADUBIDRI V.G.
245 _aSHAWS TEXT BOOK OF GYNAECOLOGY
250 _a13 TH
260 _aNEW DELHI
_bN.D.
_c2006
300 _a508
650 _aGYNAECOLOGY
999 _c494012
_d494012